| 000 | 01574cam a22001934a 4500 | ||
|---|---|---|---|
| 005 | 20250605164110.0 | ||
| 008 | 250528s ||||||||||||||||||||||||d | ||
| 035 | _a17857 | ||
| 020 | _a9789601678108 | ||
| 040 |
_aGR-AtMCL _bgre _dGR-AtMCL _eAACR2 |
||
| 245 | 1 | _aΗρεμία / The School of Life | |
| 260 |
_bΠατάκη, _c2016 |
||
| 300 | _a176 | ||
| 520 | _aΤο βιβλίο αυτό ρίχνει φως στις αιτίες για τις μεγαλύτερες αγωνίες μας και παρουσιάζει μια σειρά από πειστικά, και μερικές φορές διασκεδαστικά, επιχειρήματα, με τα οποία μπορούμε να θωρακιστούμε απέναντι στον πανικό. Εισαγωγή, Σχέσεις, Ρομαντικές Προσδοκίες, Η Υποβάθμιση της Οικογενειακής Ζωής, Τα Άγχη του Σεξ, Η Αδυναμία της Δύναμης, Οι Άλλοι, Ακούσιο Πλήγμα, Προς Υπεράσπιση της Διδασκαλίας, Προς Υπεράσπιση της Ευγένειας, Για τον Πονοκέφαλο ''Υπηρεσίες'', Εργασία, Καπιταλισμός, Φιλοδοξία, Υπομονή, Συνάδελφοι, Οι Πηγές της Ηρεμίας, Όραση, Ήχος, Χώρος, Χρόνος, Σωματική Επαφή, Συμπέρασμα: Η Ήσυχη Ζωή. | ||
| 700 | 1 |
_aΚυθρεώτης Μιχάλης _94142 |
|
| 942 | _cBK | ||
| 999 |
_c3257 _d3257 |
||